书目信息 |
| 题名: |
英语新闻写作与阅读
|
|
| 作者: | 石义彬 , 纪莉 著 | |
| 分册: | ||
| 出版信息: | 武汉 武汉大学出版社 2005.06 |
|
| 页数: | 195页 | |
| 开本: | 24cm | |
| 丛书名: | ||
| 单 册: | ||
| 中图分类: | H315 | |
| 科图分类: | ||
| 主题词: | 英语--ying yu--阅读教学 , 英语--ying yu--写作 | |
| 电子资源: | ||
| ISBN: | 7-307-04424-2 | |
| 000 | 00920nam0 2200253 450 | |
| 001 | 012006230306 | |
| 005 | 20060914163211.56 | |
| 010 | @a7-307-04424-2@dCNY22.00 | |
| 100 | @a20060726d2005 km y0chiy0120 ea | |
| 101 | 0 | @achi@aeng |
| 102 | @aCN@b420000 | |
| 105 | @aah z 000yy | |
| 200 | 1 | @a英语新闻写作与阅读@Aying yu xin wen xie zuo yu yue du@d= English news writing and reading@f石义彬, 纪莉 [著]@Fshi yi bin,ji li[zhu]@zeng |
| 210 | @a武汉@c武汉大学出版社@d2005.06 | |
| 215 | @a195页@c图, 摹真@d24cm | |
| 330 | @a本书共由12个单元加附录组成,作者对英美报刊的构成作了较为详细的介绍,同时对英美报刊的各种文体也做了较为详细的介绍。 | |
| 510 | 1 | @aEnglish news writing and reading@zeng |
| 606 | 0 | @a英语@Aying yu@x阅读教学 |
| 606 | 0 | @a英语@Aying yu@x写作 |
| 690 | @aH315@v4 | |
| 701 | 0 | @a石义彬@Ashi yi bin@4著 |
| 701 | 0 | @a纪莉@Aji li@4著 |
| 801 | 0 | @aCN@bpdsgxy@c20060914 |
| 905 | @a10447@dH315@eS546 | |
| 英语新闻写作与阅读= English news writing and reading/石义彬, 纪莉 [著].-武汉:武汉大学出版社,2005.06 |
| 195页:图, 摹真;24cm |
| ISBN 7-307-04424-2:CNY22.00 |
| 本书共由12个单元加附录组成,作者对英美报刊的构成作了较为详细的介绍,同时对英美报刊的各种文体也做了较为详细的介绍。 |
| ● |
| 相关链接 |
|
|
|
正题名:英语新闻写作与阅读
索取号:H315/S546
 
预约/预借
| 序号 | 登录号 | 条形码 | 馆藏地/架位号 | 状态 | 备注 |
| 1 | 598181 | 205981810 | 语言库209/209语言库 37排6列6层/ [索取号:H315/S546] | 在馆 | |
| 2 | 598182 | 205981829 | 语言库209/209语言库 37排6列6层/ [索取号:H315/S546] | 在馆 | |
| 3 | 598183 | 205981838 | 语言库209/209语言库 37排6列6层/ [索取号:H315/S546] | 在馆 |